By judgement of the eye : (Record no. 23720)

000 -LEADER
fixed length control field 01265cam a2200325 a 4500
001 - CONTROL NUMBER
control field 2963489
005 - DATE AND TIME OF LATEST TRANSACTION
control field 20170127093504.0
008 - FIXED-LENGTH DATA ELEMENTS--GENERAL INFORMATION
fixed length control field 910801s1991 caua bc 000 0 eng
010 ## - LIBRARY OF CONGRESS CONTROL NUMBER
LC control number 91074167
020 ## - INTERNATIONAL STANDARD BOOK NUMBER
International Standard Book Number 096298910X
050 00 - LIBRARY OF CONGRESS CALL NUMBER
Classification number N5220.C693 B9 1991
245 00 - TITLE STATEMENT
Title By judgement of the eye :
Remainder of title the Varya and Hans Cohn collection /
Statement of responsibility, etc. edited by Nancy Thomas and Constantina Oldknow.
260 ## - PUBLICATION, DISTRIBUTION, ETC. (IMPRINT)
Place of publication, distribution, etc. Los Angeles :
Name of publisher, distributor, etc. Hans Cohn,
Date of publication, distribution, etc. c1991.
300 ## - PHYSICAL DESCRIPTION
Extent 388 p. :
Other physical details ill. (some col.) ;
Dimensions 29 cm.
504 ## - BIBLIOGRAPHY, ETC. NOTE
Bibliography, etc Includes bibliographical references (p. 383-388).
600 10 - SUBJECT ADDED ENTRY--PERSONAL NAME
Personal name Cohn, Varya
General subdivision Art collections
-- Catalogs.
600 10 - SUBJECT ADDED ENTRY--PERSONAL NAME
Personal name Cohn, Hans,
Dates associated with a name 1903-
General subdivision Art collections
-- Catalogs.
650 #0 - SUBJECT ADDED ENTRY--TOPICAL TERM
Topical term or geographic name as entry element Art
General subdivision Catalogs.
650 #0 - SUBJECT ADDED ENTRY--TOPICAL TERM
Topical term or geographic name as entry element Art
General subdivision Private collections
Geographic subdivision California
-- Los Angeles
General subdivision Catalogs.
700 1# - ADDED ENTRY--PERSONAL NAME
Personal name Thomas, Nancy,
Dates associated with a name 1948-
700 1# - ADDED ENTRY--PERSONAL NAME
Personal name Oldknow, Tina.
942 ## - ADDED ENTRY ELEMENTS (KOHA)
Source of classification or shelving scheme
Koha item type Hard Covered Materials
Holdings
Withdrawn status Lost status Source of classification or shelving scheme Damaged status Not for loan Home library Current library Shelving location Date acquired Source of acquisition Total Checkouts Full call number Barcode Date last seen Price effective from Koha item type
          MACHAKOS UNIVERSITY LIBRARY MACHAKOS UNIVERSITY LIBRARY Technical section 27/01/2017 Donation(BFA)   N5220.C693 B9 1991 32431 22/10/2018 27/01/2017 Hard Covered Materials
© Machakos University Library, Along The Highway, Machakos Wote Rd, Machakos, Kenya P.O. Box 136 - 90100 Machakos - Kenya

Tel: ( +254 ) 723 805829 OR Fax : 044-20353 OR Email: library@mksu.ac.ke